Statistics for 汕头市地图 Map of Shantou Quiz

Click here to take the quiz!

General Stats

  • This quiz has been taken 165 times
  • The average score is 6 of 7

Answers on the Map

Answers color-coded by a green-red scale on the quiz's map according to % correct below.
 

Answer Stats

区划名称 Districts% Correct
南澳县 Nan'ao County
91%
澄海区 Chenghai
87%
金平区 Jinping
87%
潮南区 Chaonan
84%
潮阳区 Chaoyang
84%
龙湖区 Longhu
79%
濠江区 Haojiang
78%

Score Distribution

Percentile by Number Answered

Percent of People with Each Score

Your Score History

You have not taken this quiz